[Event "Newport Open"]
[Site "?"]
[Date "2023.09.09"]
[Round "3"]
[White "Sanchez, Luis Ortez"]
[Black "Lavender, James"]
[Result "0-1"]
[WhiteElo "1873"]
[BlackElo "1997"]
[PlyCount "92"]
[SourceVersionDate "2023.09.11"]

1. d4 Nf6 2. Nf3 d5 3. c3 e6 4. Bf4 c5 5. e3 Nc6 6. Nbd2 c4 7. e4 b5 8. e5 Nd7 9. Bg5 Be7 10. h4 Nb6 11. Be2 a5 12. a3 Bd7 13. Rh3 h6 14. Bxe7 Qxe7 15. Rg3 Rg8 16. Qc2 Kd8 17. Qh7 Qf8 18. h5 Ne7 19. Nh4 Kc7 20. Qc2 Nc6 21. Rf3 Qe7 22. g3 Kb7 23. Kf1 b4 24. axb4 axb4 25. Rxa8 Kxa8 26. Qh7 Qe8 27. cxb4 Nxd4 28. Ra3+ Kb7 29. Nhf3 Nc6 30. b5 Na7 31. Nd4 Nxb5 32. Nxb5 Bxb5 33. Kg2 Bc6 34. Bf3 Qf8 35. Nb1 Rh8 36. Qc2 Qc5 37. Nc3 d4 38. Ne4 Qxe5 39. b4 d3 40. Qc3 Qxc3 41. Rxc3 Bxe4 42. Bxe4+ Kb8 43. Kf1 Rd8 44. Ke1 d2+ 45. Kd1 Na4 46. Rc2 c3 0-1

[Event "Newport Open"]
[Site "?"]
[Date "2023.09.09"]
[Round "3"]
[White "Stubbs, Oliver"]
[Black "Walker, Max"]
[Result "1-0"]
[WhiteElo "2082"]
[BlackElo "1879"]
[PlyCount "121"]
[SourceVersionDate "2023.09.11"]

1. d4 d5 2. Nf3 Nf6 3. Bf4 c5 4. e3 Nc6 5. Nbd2 Qb6 6. dxc5 Qxb2 7. Rb1 Qc3 8. Bb5 e6 9. O-O Be7 10. e4 O-O 11. e5 Nd7 12. Nb3 Qb4 13. Nbd4 Qxc5 14. Re1 Nxd4 15. Nxd4 a6 16. Bd3 g6 17. Nb3 Qb4 18. Qg4 f5 19. Qg3 Kh8 20. h4 Qa4 21. Bg5 Rf7 22. Bxe7 Rxe7 23. Qg5 Re8 24. Re3 Qg4 25. Qh6 Qh5 26. Qxh5 gxh5 27. f4 b5 28. Be2 Nb6 29. Bxh5 Re7 30. Be2 d4 31. Rd3 Bb7 32. Nxd4 Be4 33. Ra3 Na4 34. Rb4 Rd8 35. c3 Rg7 36. g4 Nc5 37. g5 Rc7 38. Kf2 Kg8 39. Ke3 Rcd7 40. Ra5 Kh8 41. h5 Kg8 42. Ra3 Kf7 43. Rb2 Na4 44. Rd2 Rc8 45. c4 Rdc7 46. cxb5 Nc3 47. Rxa6 Nd5+ 48. Kf2 Nxf4 49. b6 Nh3+ 50. Ke1 Rc1+ 51. Rd1 Rxd1+ 52. Bxd1 Nxg5 53. Nb5 Ke7 54. Ra7+ Kd8 55. Nd6 Rc5 56. Rg7 Rxe5 57. Rxg5 Bf3+ 58. Kf2 Ke7 59. Bxf3 Kxd6 60. b7 Rb5 61. Rg8 1-0

[Event "Newport Open"]
[Site "?"]
[Date "2023.09.09"]
[Round "3"]
[White "Sagues, Vincent"]
[Black "Harris, Calum"]
[Result "1/2-1/2"]
[WhiteElo "1992"]
[BlackElo "1807"]
[PlyCount "34"]
[SourceVersionDate "2023.09.11"]

1. e4 c5 2. Nf3 d6 3. d4 cxd4 4. Nxd4 Nf6 5. f3 e5 6. Nb3 d5 7. Bg5 d4 8. c3 a5 9. cxd4 a4 10. Nc1 exd4 11. Bb5+ Nc6 12. Qe2 Bb4+ 13. Bd2 Be7 14. Na3 O-O 15. Nd3 h5 16. O-O Qb6 17. Bc4 Ne5 1/2-1/2

[Event "Newport Open"]
[Site "?"]
[Date "2023.09.09"]
[Round "3"]
[White "Hill, Andy"]
[Black "Garcia, Jason"]
[Result "1-0"]
[WhiteElo "1846"]
[BlackElo "1974"]
[PlyCount "73"]
[SourceVersionDate "2023.09.18"]

1. Nf3 c5 2. c4 Nf6 3. Nc3 b6 4. e3 Bb7 5. d4 cxd4 6. exd4 e6 7. Bd3 Be7 8. O-O d5 9. Qe2 O-O 10. Bg5 dxc4 11. Bxc4 Nc6 12. Rfd1 Nb4 13. Rac1 Nbd5 14. Bd3 h6 15. Bd2 Rc8 16. Bb1 Qd6 17. Ne5 Rfd8 18. Re1 a6 19. Rcd1 Nxc3 20. bxc3 b5 21. Qe3 Nd7 22. Qd3 f5 23. Ng6 Bg5 24. f4 Bf6 25. Qe2 Bd5 26. g4 fxg4 27. Qxg4 Qc6 28. Ne5 Bxe5 29. fxe5 Bf3 30. Qg3 Kh8 31. Rc1 Nf8 32. Re3 Bh5 33. Rf1 Rc7 34. Ree1 Rf7 35. Qh4 Qe8 36. Rxf7 Qxf7 37. Qxd8 1-0

[Event "Newport Open"]
[Site "?"]
[Date "2023.09.09"]
[Round "3"]
[White "Staniforth, Matthew"]
[Black "Szakmany, Bence"]
[Result "1-0"]
[WhiteElo "1934"]
[BlackElo "1700"]
[PlyCount "65"]
[SourceVersionDate "2023.09.18"]

1. d4 Nf6 2. Nc3 d5 3. Bf4 e6 4. Nb5 Na6 5. e3 Be7 6. Bd3 O-O 7. h4 c6 8. Nc3 c5 9. h5 Bd7 10. h6 g6 11. Bxa6 bxa6 12. Nf3 Rc8 13. Ne5 cxd4 14. exd4 Ne8 15. Qd3 Bb4 16. Bd2 Bxc3 17. Bxc3 Bb5 18. Qg3 f6 19. Nxg6 hxg6 20. Bb4 Kh7 21. Bxf8 Rxc2 22. a4 Be2 23. b4 Bc4 24. Qxg6+ Kxg6 25. h7 Re2+ 26. Kd1 Qc7 27. h8=Q Bb3+ 28. Kxe2 Qc4+ 29. Kf3 Qd3+ 30. Kg4 Qf5+ 31. Kg3 Qg5+ 32. Kh2 Qf4+ 33. Kg1 1-0

[Event "Newport Open"]
[Site "?"]
[Date "2023.09.09"]
[Round "3"]
[White "Kothari, Jai"]
[Black "Gibbons, Andrew"]
[Result "1-0"]
[WhiteElo "1775"]
[BlackElo "1925"]
[PlyCount "47"]
[SourceVersionDate "2023.09.18"]

1. e4 c5 2. Nf3 g6 3. Bc4 Bg7 4. c3 e6 5. O-O Ne7 6. d4 cxd4 7. cxd4 O-O 8. d5 exd5 9. exd5 Nf5 10. Nc3 b6 11. Bf4 Ba6 12. Bxa6 Nxa6 13. d6 Nc5 14. Qd2 Ne6 15. Nd5 Kh8 16. Rac1 a5 17. Rc7 Rb8 18. Be5 f6 19. Bg3 Rf7 20. Re1 Kg8 21. Ra7 Bf8 22. Ne7+ Kh8 23. Nxf5 gxf5 24. Rxe6 1-0

[Event "Newport Open"]
[Site "?"]
[Date "2023.09.09"]
[Round "3"]
[White "Macdonald, Duncan"]
[Black "Thomas, James"]
[Result "1-0"]
[WhiteElo "1685"]
[BlackElo "1895"]
[PlyCount "85"]
[SourceVersionDate "2023.09.18"]

1. c4 f5 2. d4 Nf6 3. g3 e6 4. Bg2 Be7 5. Nc3 d5 6. cxd5 exd5 7. Nf3 c6 8. O-O O-O 9. a3 Nbd7 10. Re1 Ne4 11. Qb3 Kh8 12. Bf4 Qb6 13. Qxb6 axb6 14. Nxe4 fxe4 15. Ne5 Nxe5 16. Bxe5 Bf5 17. f3 Bg5 18. e3 Rf7 19. f4 Be7 20. Rac1 b5 21. Rc3 Rff8 22. h3 Ra4 23. g4 Be6 24. f5 Bg8 25. Rf1 b4 26. Rb3 h6 27. axb4 Rxb4 28. Rxb4 Bxb4 29. Ra1 Kh7 30. Ra7 Rf7 31. h4 b6 32. Ra4 c5 33. Bh3 g5 34. hxg5 hxg5 35. Bf1 Rb7 36. Bb5 Bd2 37. Kf2 cxd4 38. Bxd4 Rc7 39. Ra1 Bc1 40. Bc3 d4 41. Bxd4 Rc2+ 42. Kg3 Kh6 43. Ba4 1-0

[Event "Newport Open"]
[Site "?"]
[Date "2023.09.09"]
[Round "3"]
[White "Ashworth, Robert"]
[Black "Davis, Ashley"]
[Result "1/2-1/2"]
[WhiteElo "1657"]
[BlackElo "1852"]
[PlyCount "32"]
[SourceVersionDate "2023.09.18"]

1. e4 c5 2. Nf3 e6 3. c3 Nc6 4. Bb5 Nge7 5. O-O a6 6. Ba4 d6 7. d4 cxd4 8. Nxd4 Bd7 9. Nd2 Nxd4 10. cxd4 d5 11. exd5 Nxd5 12. Nf3 Bxa4 13. Qxa4+ b5 14. Qb3 Bd6 15. Re1 O-O 16. Bg5 Qb6 1/2-1/2

[Event "Newport Open"]
[Site "?"]
[Date "2023.09.09"]
[Round "3"]
[White "May, Adam"]
[Black "Norris, Zack"]
[Result "1-0"]
[WhiteElo "1881"]
[BlackElo "1684"]
[PlyCount "65"]
[SourceVersionDate "2023.09.18"]

1. d4 Nf6 2. Nf3 g6 3. g3 Bg7 4. Bg2 O-O 5. O-O d5 6. c4 c6 7. b3 Bf5 8. Bb2 Re8 9. e3 Nbd7 10. Qe2 e6 11. Nbd2 c5 12. Ne5 b6 13. f3 g5 14. e4 Bg6 15. Nxg6 hxg6 16. e5 Nh5 17. f4 Rc8 18. cxd5 exd5 19. fxg5 Qxg5 20. Bxd5 Re7 21. Ne4 Qh6 22. Bc1 Qh8 23. Bg5 Re6 24. Bxe6 fxe6 25. Qc4 Nf8 26. g4 b5 27. Qxb5 Bh6 28. Qb7 Qg7 29. Qxc8 cxd4 30. Rac1 Qxe5 31. Bxh6 Qxe4 32. Rxf8+ Kh7 33. Rh8# 1-0

[Event "Newport Open"]
[Site "?"]
[Date "2023.09.09"]
[Round "3"]
[White "Smith, Alun"]
[Black "Howells, Wyn"]
[Result "1-0"]
[WhiteElo "1756"]
[BlackElo "1661"]
[PlyCount "61"]
[SourceVersionDate "2023.09.18"]

1. e4 c5 2. c3 g6 3. Nf3 Bg7 4. d4 cxd4 5. cxd4 Nf6 6. Nc3 O-O 7. Bd3 d6 8. O-O Bg4 9. h3 Bxf3 10. Qxf3 Nc6 11. Be3 Rc8 12. Rac1 Nd7 13. Ne2 Qa5 14. a3 Qa4 15. Bc2 Qa5 16. Rfd1 b5 17. Bb3 e6 18. Bf4 e5 19. dxe5 Bxe5 20. Bh6 Bg7 21. Bxg7 Kxg7 22. Rxd6 Qd8 23. Rdxc6 Rxc6 24. Rxc6 Ne5 25. Qc3 f6 26. Rc7+ Kh8 27. Rxa7 Qd6 28. Qc7 Qxc7 29. Rxc7 Nc4 30. Bxc4 bxc4 31. Rxc4 1-0

[Event "Newport Open"]
[Site "?"]
[Date "2023.09.09"]
[Round "3"]
[White "Hannigan, Jack"]
[Black "Wu, Yuxuan"]
[Result "0-1"]
[WhiteElo "1745"]
[BlackElo "1660"]
[PlyCount "50"]
[SourceVersionDate "2023.09.18"]

1. e4 c5 2. b3 g6 3. Bb2 Nf6 4. e5 Nd5 5. e6 f6 6. c4 Nc7 7. exd7+ Bxd7 8. d4 cxd4 9. Qxd4 Nc6 10. Qe3 e5 11. Nc3 Nd4 12. O-O-O Nce6 13. Nf3 Bc5 14. Nd5 O-O 15. Qh6 Bc6 16. Ne3 Qa5 17. Kb1 Rad8 18. Bd3 Nf4 19. Nxd4 Bxd4 20. Bxd4 Nxd3 21. Rxd3 Be4 22. Nd5 Bxd3+ 23. Kc1 Rxd5 24. cxd5 exd4 25. Rd1 Qc3# 0-1

[Event "Newport Open"]
[Site "?"]
[Date "2023.09.09"]
[Round "3"]
[White "Hilditch-Love, Daniel"]
[Black "Morgans, Justin"]
[Result "1-0"]
[WhiteElo "1722"]
[BlackElo "1640"]
[PlyCount "127"]
[SourceVersionDate "2023.09.18"]

1. e4 c5 2. Nc3 d6 3. g3 Nf6 4. Bg2 Nc6 5. Nge2 e6 6. d4 cxd4 7. Nxd4 Be7 8. O-O O-O 9. h3 e5 10. Nb3 Be6 11. Be3 Qd7 12. Kh2 Rfd8 13. Nd5 Bxd5 14. exd5 Nb4 15. c3 Na6 16. Qd3 Qa4 17. Rfd1 b6 18. Bf1 Nc5 19. Nxc5 bxc5 20. b3 Qd7 21. Bg2 a5 22. a4 Rdb8 23. Rab1 Rb6 24. Rd2 Rab8 25. Rdb2 h6 26. c4 R6b7 27. Bd2 Bd8 28. f3 Nh5 29. h4 Qc7 30. Bh3 Bf6 31. Qe4 Bd8 32. Bf1 Nf6 33. Qe1 Ra8 34. Bd3 Qe7 35. Bc3 Qe8 36. Re2 Re7 37. g4 Nd7 38. g5 hxg5 39. hxg5 f5 40. Qh4 g6 41. Kg2 Rh7 42. Qg3 Rh5 43. f4 e4 44. Rbe1 Qf7 45. Bc2 Ne5 46. Re3 Ng4 47. Rxe4 Rh2+ 48. Kg1 Qh7 49. Re8+ Kf7 50. Rh8 Rh1+ 51. Kg2 Qxh8 52. Rxh1 Qd4 53. Bxd4 cxd4 54. Qd3 Bb6 55. Bd1 Ne3+ 56. Kg3 Rg8 57. Rh7+ Rg7 58. Rxg7+ Kxg7 59. Bf3 Bc5 60. Kh3 Kf7 61. Be2 Bb6 62. Qb1 Bc5 63. Qe1 Bb4 64. Qh4 1-0

[Event "Newport Open"]
[Site "?"]
[Date "2023.09.09"]
[Round "3"]
[White "Sandbrink, Kai"]
[Black "Smith, Callum"]
[Result "0-1"]
[WhiteElo "1720"]
[BlackElo "1409"]
[PlyCount "100"]
[SourceVersionDate "2023.09.18"]

1. d4 d5 2. c4 c6 3. Nf3 Nf6 4. g3 Bf5 5. Bg2 e6 6. O-O Nbd7 7. Nbd2 h6 8. b3 Bb4 9. a3 Bd6 10. Ne1 O-O 11. Bb2 Qe7 12. e3 e5 13. dxe5 Bxe5 14. Bxe5 Nxe5 15. cxd5 cxd5 16. Ndf3 Rfd8 17. Nxe5 Qxe5 18. Nf3 Qb2 19. Nd4 Be4 20. Qc1 Qxc1 21. Raxc1 Bxg2 22. Kxg2 Rac8 23. Rfd1 Kf8 24. Kf3 g6 25. h3 Ke7 26. g4 a6 27. Kf4 Ne4 28. Rxc8 Rxc8 29. f3 Nf2 30. Rd2 Nxh3+ 31. Ke5 Rd8 32. Nc2 f6+ 33. Kd4 Ng5 34. Rf2 Ne6+ 35. Kc3 h5 36. gxh5 gxh5 37. Rh2 Rh8 38. Nb4 Kd6 39. Rd2 d4+ 40. exd4 h4 41. Rh2 Ng5 42. f4 Ne6 43. Nd3 Kd5 44. Ne1 Nxf4 45. Nf3 h3 46. Ng1 Rg8 47. Ne2 Nxe2+ 48. Rxe2 Rg3+ 49. Kb4 Kxd4 50. Rh2 b6 0-1

[Event "Newport Open"]
[Site "?"]
[Date "2023.09.09"]
[Round "3"]
[White "Smith, Ellison"]
[Black "Golley, Andrew"]
[Result "1/2-1/2"]
[WhiteElo "1496"]
[BlackElo "1679"]
[PlyCount "54"]
[SourceVersionDate "2023.09.19"]

1. e4 c5 2. c3 d5 3. exd5 Qxd5 4. d4 Nc6 5. Nf3 Bg4 6. Be2 e6 7. Na3 a6 8. Nc2 cxd4 9. cxd4 Nf6 10. O-O Qd6 11. b3 Be7 12. Bb2 Nd5 13. Ne5 Bxe2 14. Qxe2 O-O 15. Rac1 Rac8 16. Rfd1 Rfe8 17. Ne3 b5 18. Nxd5 Qxd5 19. Nxc6 Rxc6 20. Rxc6 Qxc6 21. Rc1 Qd7 22. Qc2 Rd8 23. Qc6 Qd6 24. Qxd6 Rxd6 25. Rc8+ Rd8 26. Rc6 Rd6 27. Rc8+ Rd8 1/2-1/2

[Event "Newport Open"]
[Site "?"]
[Date "2023.09.09"]
[Round "3"]
[White "Swamy, Anshul"]
[Black "Lawrence, Spencer"]
[Result "0-1"]
[WhiteElo "1475"]
[BlackElo "1666"]
[PlyCount "62"]
[SourceVersionDate "2023.09.19"]

1. e4 e6 2. d4 d5 3. e5 c5 4. c3 Nc6 5. Nf3 Nh6 6. Be2 cxd4 7. cxd4 Nf5 8. Bb5 Bd7 9. O-O Qb6 10. Bxc6 bxc6 11. b3 c5 12. g4 Nxd4 13. Nxd4 cxd4 14. Bb2 Bc5 15. Qd2 O-O 16. Rd1 f6 17. exf6 Rxf6 18. Bxd4 Bxd4 19. Qxd4 Qxd4 20. Rxd4 Raf8 21. Rd2 Rf4 22. h3 Rf3 23. Kg2 Bc6 24. Rc2 Ba8 25. Nd2 Rxf2+ 26. Kg3 d4 27. Re1 Bd5 28. b4 Rg2+ 29. Kh4 h6 30. b5 Kh7 31. a4 e5 0-1

[Event "Newport Open"]
[Site "?"]
[Date "2023.09.09"]
[Round "3"]
[White "Archibald, Mckenzie"]
[Black "Davies, Callum"]
[Result "0-1"]
[WhiteElo "1575"]
[BlackElo "1734"]
[PlyCount "64"]
[SourceVersionDate "2023.09.19"]

1. d4 d5 2. c4 Nc6 3. Nf3 Bg4 4. e3 e5 5. dxe5 d4 6. exd4 Bxf3 7. gxf3 Qxd4 8. f4 Qe4+ 9. Be3 Qxh1 10. c5 Nge7 11. Nc3 a6 12. Qb3 O-O-O 13. Qxf7 Qf3 14. Be2 Qh1+ 15. Bf1 Nb4 16. Rd1 Ned5 17. a3 Nc2+ 18. Ke2 Nxc3+ 19. bxc3 Rxd1 20. Qe8+ Rd8 21. Bh3+ Kb8 22. Qxd8+ Ka7 23. Qxc7 Qc6 24. Qf7 Nxe3 25. fxe3 Bxc5 26. Qxg7 Rd8 27. Bg2 Qb5+ 28. Kf2 Rd7 29. Qg4 Rd3 30. Qe2 Bxe3+ 31. Qxe3+ Rxe3 32. Kxe3 Qb2 0-1

[Event "Newport Open"]
[Site "?"]
[Date "2023.09.09"]
[Round "3"]
[White "Cossins-Smith, Joe"]
[Black "Dixon, Chris"]
[Result "1-0"]
[WhiteElo "1518"]
[BlackElo "1675"]
[PlyCount "49"]
[SourceVersionDate "2023.09.19"]

1. e4 d6 2. Nc3 Nf6 3. Bc4 g6 4. f4 Bg7 5. Nf3 O-O 6. O-O c6 7. Bb3 b5 8. d3 a5 9. a4 b4 10. Ne2 Qb6+ 11. Kh1 Bg4 12. Qe1 Bxf3 13. Rxf3 Nbd7 14. f5 Nc5 15. Be3 Ng4 16. Bxc5 dxc5 17. Qh4 Nf6 18. fxg6 hxg6 19. Nf4 Qc7 20. Nxg6 Rfe8 21. e5 Nd5 22. Rh3 fxg6 23. Qh7+ Kf7 24. Rf3+ Ke6 25. Qh3+ 1-0

[Event "Newport Open"]
[Site "?"]
[Date "2023.09.09"]
[Round "3"]
[White "Gore, Bob"]
[Black "Weale, Tom"]
[Result "1-0"]
[WhiteElo "1669"]
[BlackElo "1540"]
[PlyCount "41"]
[SourceVersionDate "2023.09.19"]

1. d4 Nf6 2. Nf3 d5 3. Bf4 e6 4. e3 Bd6 5. Bg3 O-O 6. Bd3 c5 7. c3 Nc6 8. Nbd2 Re8 9. Ne5 cxd4 10. exd4 Qc7 11. f4 Bd7 12. O-O Na5 13. Ng4 Nxg4 14. Qxg4 e5 15. Bxh7+ Kxh7 16. Qh5+ Kg8 17. fxe5 Be6 18. exd6 Qb6 19. Be5 f6 20. Rxf6 Qd8 21. Rh6 1-0

[Event "Newport Open"]
[Site "?"]
[Date "2023.09.10"]
[Round "4"]
[White "Arkell, Keith"]
[Black "Blackburn, Jonathan"]
[Result "1-0"]
[WhiteElo "2352"]
[BlackElo "2198"]
[PlyCount "87"]
[EventDate "2023.??.??"]
[SourceVersionDate "2023.09.21"]

1. d4 Nf6 2. Nf3 e6 3. c4 c5 4. d5 exd5 5. cxd5 d6 6. Nc3 g6 7. Nd2 Bg7 8. e4 O-O 9. Be2 Re8 10. O-O Nbd7 11. h3 g5 12. Nc4 Nxe4 13. Nxe4 Rxe4 14. Nxd6 Rd4 15. Qc2 Nb6 16. Nxc8 Rxc8 17. Be3 Rxd5 18. Bf3 Re5 19. Bxb7 Rc7 20. Be4 h5 21. Rad1 Qe8 22. Bf3 h4 23. Bd4 Re6 24. Bxg7 Kxg7 25. Qc3+ f6 26. b3 Re5 27. Rd6 Qe7 28. Rfd1 c4 29. bxc4 Nxc4 30. Rc6 Rxc6 31. Bxc6 Nb6 32. Bf3 Qc5 33. Qd2 Nc4 34. Qd8 Re7 35. Bd5 Ne5 36. Qg8+ Kh6 37. Qf8+ Kh7 38. Qxf6 Ng6 39. Bg8+ Kh6 40. Bf7 Qc2 41. Bxg6 Qxd1+ 42. Kh2 Re1 43. Bf5+ Kh5 44. Qg6# 1-0

[Event "Newport Open"]
[Site "?"]
[Date "2023.09.10"]
[Round "4"]
[White "Bullen, Alex"]
[Black "Young, Alan"]
[Result "1-0"]
[WhiteElo "2128"]
[BlackElo "2046"]
[PlyCount "141"]
[EventDate "2023.??.??"]
[SourceVersionDate "2023.09.21"]

1. d4 d5 2. Nf3 Nf6 3. c4 dxc4 4. e3 e6 5. Bxc4 c5 6. O-O Nc6 7. dxc5 Qxd1 8. Rxd1 Bxc5 9. Nc3 a6 10. h3 b5 11. Be2 Bb7 12. a3 b4 13. Na4 Ba7 14. axb4 Nxb4 15. Bd2 Nbd5 16. Nc3 Bb6 17. Ne5 O-O 18. Nxd5 exd5 19. Ra4 Bc7 20. Nf3 Ne4 21. Bb4 Bd6 22. Rda1 Rfd8 23. Nd4 g6 24. Be1 Rdb8 25. b4 Be5 26. Bxa6 Nd6 27. Bxb7 Rxa4 28. Rxa4 Rxb7 29. Ra5 Bxd4 30. Rxd5 Bxe3 31. Rxd6 Bf4 32. Rd8+ Kg7 33. Bc3+ f6 34. Kf1 Be5 35. Bd2 Kf7 36. Ke2 Ke6 37. Kd3 Bd6 38. Kc4 Rc7+ 39. Kb3 Rb7 40. Rc8 Kd5 41. Rc1 f5 42. Bc3 f4 43. Rd1+ Ke6 44. f3 Ke7 45. Rd4 Ke6 46. Bd2 g5 47. Kc4 Rb6 48. Re4+ Kd7 49. b5 Rb8 50. Rd4 Ke6 51. Ba5 Rc8+ 52. Kb3 Rc1 53. b6 Rb1+ 54. Kc4 Rb2 55. Rd2 Rb1 56. Re2+ Kd7 57. Rd2 Kc6 58. Kd4 Rb5 59. Ra2 Rd5+ 60. Ke4 Re5+ 61. Kd3 Rd5+ 62. Kc4 Rc5+ 63. Kb3 Rb5+ 64. Ka4 Rb1 65. Rc2+ Kd7 66. Rc4 Rb2 67. Bb4 Ra2+ 68. Kb3 Ra1 69. Rd4 Rb1+ 70. Ka3 Rxb4 71. Rxd6+ 1-0

[Event "Newport Open"]
[Site "?"]
[Date "2023.09.10"]
[Round "4"]
[White "Varley, Peter"]
[Black "Cave, Iwan"]
[Result "1/2-1/2"]
[WhiteElo "2174"]
[BlackElo "1850"]
[PlyCount "80"]
[EventDate "2023.??.??"]
[SourceVersionDate "2023.09.22"]

1. d4 Nf6 2. c4 e6 3. Nc3 Bb4 4. f3 d5 5. a3 Bxc3+ 6. bxc3 h6 7. e3 O-O 8. Bd3 dxc4 9. Bxc4 c5 10. Ne2 Qc7 11. Qd3 Rd8 12. O-O e5 13. Bb2 Nbd7 14. Ba2 exd4 15. cxd4 cxd4 16. Rac1 Qd6 17. Bxd4 Nf8 18. Qc3 Ne8 19. Ng3 Be6 20. Ne4 Qe7 21. Bb1 b6 22. Ng3 Rac8 23. Qb2 f6 24. Bc3 Nd6 25. a4 Nc4 26. Qf2 Ne5 27. Bd4 Qa3 28. Rxc8 Rxc8 29. Nf5 Rc1 30. Rxc1 Qxc1+ 31. Qf1 Qa3 32. Bc2 Nc6 33. Qa1 Qxa1+ 34. Bxa1 Nb4 35. Be4 Nd7 36. Bc3 a5 37. Nd4 Bd5 38. Bxb4 Bxe4 39. Bxa5 bxa5 40. fxe4 Nc5 1/2-1/2

[Event "Newport Open"]
[Site "?"]
[Date "2023.09.10"]
[Round "4"]
[White "Atkinson, Paul"]
[Black "Gordon, Sean"]
[Result "0-1"]
[WhiteElo "2043"]
[BlackElo "1911"]
[PlyCount "70"]
[EventDate "2023.??.??"]
[SourceVersionDate "2023.09.22"]

1. Nf3 d5 2. e3 Nf6 3. c4 c6 4. b3 e6 5. Bb2 Bd6 6. Be2 O-O 7. O-O Nbd7 8. d4 b6 9. Ne5 Qc7 10. f4 Ne4 11. Nd2 f5 12. Nxe4 dxe4 13. Rc1 c5 14. Qd2 Nf6 15. h3 Bb7 16. g4 Rad8 17. Qc3 Qe7 18. g5 Nd7 19. Kh2 cxd4 20. exd4 Bb4 21. Qg3 Nxe5 22. fxe5 Bd2 23. Rc2 Qxg5 24. d5 exd5 25. e6 Qxg3+ 26. Kxg3 Bb4 27. cxd5 Bxd5 28. Rd1 Bxe6 29. Rc7 Bf7 30. Rdd7 f4+ 31. Kh2 Rxd7 32. Rxd7 f3 33. Bc4 e3 34. Bxf7+ Rxf7 35. Rd8+ Bf8 0-1

[Event "Newport Open"]
[Site "?"]
[Date "2023.09.10"]
[Round "4"]
[White "Lavender, James"]
[Black "Ashworth, Michael"]
[Result "1-0"]
[WhiteElo "1997"]
[BlackElo "2007"]
[PlyCount "59"]
[EventDate "2023.??.??"]
[SourceVersionDate "2023.09.22"]

1. e4 c5 2. Nf3 g6 3. Bc4 Bg7 4. c3 Nc6 5. O-O e6 6. d4 cxd4 7. Nxd4 Nxd4 8. cxd4 Qb6 9. Nc3 Qxd4 10. Qe2 Ne7 11. Nb5 Qe5 12. Bd2 Qb8 13. Bb4 Be5 14. f4 a6 15. fxe5 axb5 16. Bxb5 Qxe5 17. Kh1 Qg5 18. Bc3 e5 19. Qf2 O-O 20. Bd2 Qg4 21. Bh6 Qe6 22. Bxf8 Kxf8 23. Qh4 Kg7 24. b3 f5 25. a4 d5 26. exd5 Nxd5 27. Qd8 Ne3 28. Rfc1 h5 29. Rc7+ Kh6 30. h4 1-0

[Event "Newport Open"]
[Site "?"]
[Date "2023.09.10"]
[Round "4"]
[White "Hill, Andy"]
[Black "Staniforth, Matthew"]
[Result "1-0"]
[WhiteElo "1846"]
[BlackElo "1934"]
[PlyCount "63"]
[EventDate "2023.??.??"]
[SourceVersionDate "2023.09.22"]

1. Nf3 Nf6 2. c4 e6 3. e3 d5 4. Nc3 a6 5. b3 c5 6. cxd5 exd5 7. d4 Nc6 8. Bb2 Bd6 9. Be2 O-O 10. O-O b6 11. Rc1 Bb7 12. dxc5 bxc5 13. Na4 Qe7 14. Bxf6 gxf6 15. Qc2 Kh8 16. Qf5 Ne5 17. Rfd1 Rad8 18. Qh5 Rg8 19. Kf1 Rg6 20. Qf5 Rdg8 21. Nh4 Rg5 22. Qc2 d4 23. e4 f5 24. Nxc5 Rc8 25. b4 fxe4 26. Rxd4 Bxc5 27. bxc5 Nd3 28. Bxd3 Rgxc5 29. Bc4 Qxh4 30. Qb2 Kg8 31. Qxb7 Qxh2 32. Qxf7+ 1-0

[Event "Newport Open"]
[Site "?"]
[Date "2023.09.10"]
[Round "4"]
[White "Turner, Joseph David"]
[Black "Kothari, Jai"]
[Result "0-1"]
[WhiteElo "1850"]
[BlackElo "1775"]
[PlyCount "76"]
[EventDate "2023.??.??"]
[SourceVersionDate "2023.09.23"]

1. e4 c5 2. Nf3 Nc6 3. b4 cxb4 4. d4 d5 5. exd5 Qxd5 6. c4 bxc3 7. Nxc3 Qa5 8. Rb1 e6 9. Bd2 Qd8 10. Be2 Nf6 11. O-O Be7 12. Qa4 O-O 13. Rfd1 Bd7 14. Qb3 b6 15. Bf4 Nb4 16. Ne5 Nbd5 17. Bg3 Rc8 18. Nxd5 Nxd5 19. Rbc1 f6 20. Nxd7 Qxd7 21. Bb5 Qd8 22. Rxc8 Qxc8 23. Re1 Kf7 24. Bc4 Qd7 25. Bb5 Qb7 26. f4 f5 27. Bc4 Bf6 28. Qf3 Bxd4+ 29. Kh1 g6 30. Rd1 Bf6 31. Rxd5 Qc7 32. Bb3 exd5 33. Bxd5+ Kg7 34. h4 Rd8 35. h5 Qc3 36. hxg6 Qc1+ 37. Kh2 hxg6 38. Bf2 Rh8+ 0-1

[Event "Newport Open"]
[Site "?"]
[Date "2023.09.10"]
[Round "4"]
[White "Smith, Olivia"]
[Black "Macdonald, Duncan"]
[Result "1/2-1/2"]
[WhiteElo "2090"]
[BlackElo "1685"]
[PlyCount "113"]
[EventDate "2023.??.??"]
[SourceVersionDate "2023.09.23"]

1. Nf3 d5 2. g3 c5 3. Bg2 Nc6 4. d3 e5 5. O-O Nf6 6. e4 d4 7. a4 h6 8. Na3 Be6 9. c3 Be7 10. cxd4 cxd4 11. Bd2 Nd7 12. Nc4 g5 13. Rc1 Rb8 14. Ne1 Nb6 15. Na5 Qd7 16. f4 Nxa5 17. Bxa5 gxf4 18. gxf4 exf4 19. b3 Rg8 20. Kh1 Bg4 21. Nf3 Bh3 22. Bxh3 Qxh3 23. Qe2 Rc8 24. Rxc8+ Nxc8 25. Bc7 Nd6 26. Nxd4 Kd7 27. Bxd6 Bxd6 28. Nf3 f6 29. d4 a6 30. e5 fxe5 31. dxe5 Bc5 32. Rd1+ Ke7 33. e6 Rg6 34. b4 Be3 35. b5 Rxe6 36. Qg2 Qxg2+ 37. Kxg2 axb5 38. axb5 Rb6 39. Rd5 Rg6+ 40. Kf1 Ke6 41. Rh5 Kd6 42. Ke2 Kc7 43. Kd3 Kb6 44. Kc4 Ka5 45. Ne5 Rg5 46. Rxg5 hxg5 47. h3 b6 48. Nf3 Bc5 49. Nxg5 Bf8 50. Nf3 Bh6 51. h4 Ka4 52. h5 Ka5 53. Nd4 Ka4 54. Nf3 Ka5 55. Nd4 Ka4 56. Nf3 Ka5 57. Nd4 1/2-1/2

[Event "Newport Open"]
[Site "?"]
[Date "2023.09.10"]
[Round "4"]
[White "Musson, Adam"]
[Black "Ashowrth, Robert"]
[Result "1-0"]
[WhiteElo "2018"]
[BlackElo "1657"]
[PlyCount "85"]
[EventDate "2023.??.??"]
[SourceVersionDate "2023.09.23"]

1. e4 e5 2. Nf3 Nc6 3. Bb5 a6 4. Ba4 Nf6 5. O-O b5 6. Bb3 Be7 7. Re1 O-O 8. a4 b4 9. d4 d6 10. dxe5 Nxe5 11. Nxe5 dxe5 12. Qe2 Bc5 13. Bg5 h6 14. Bh4 Bg4 15. Qf1 Qd6 16. a5 Rfd8 17. Bc4 Bd4 18. c3 bxc3 19. Nxc3 Rdb8 20. Na4 Bxb2 21. Nxb2 Rxb2 22. Reb1 Rxb1 23. Qxb1 Qd4 24. Qa2 Bh5 25. Bxf6 gxf6 26. Bd5 Rb8 27. Qa3 Kh7 28. Rc1 Rb2 29. Rf1 c5 30. Qh3 Bg6 31. Qc8 Kg7 32. Qxa6 Bxe4 33. Bxe4 Qxe4 34. Qc8 Qb4 35. a6 Rb1 36. g3 Rxf1+ 37. Kxf1 Qb1+ 38. Kg2 Qe4+ 39. Kh3 f5 40. Qb7 Qg4+ 41. Kg2 e4 42. Qb3 c4 43. Qc3+ 1-0

[Event "Newport Open"]
[Site "?"]
[Date "2023.09.10"]
[Round "4"]
[White "Davis, Ashley"]
[Black "Sagues, Vincent"]
[Result "1/2-1/2"]
[WhiteElo "1852"]
[BlackElo "1992"]
[PlyCount "46"]
[EventDate "2023.??.??"]
[SourceVersionDate "2023.09.23"]

1. d4 d5 2. g3 Nf6 3. Bg2 Bf5 4. Nf3 e6 5. c4 c6 6. O-O Nbd7 7. Nc3 h6 8. Nd2 Be7 9. e4 dxe4 10. Ndxe4 O-O 11. d5 Bxe4 12. Bxe4 Nxe4 13. Nxe4 cxd5 14. cxd5 Nf6 15. Nxf6+ Bxf6 16. dxe6 fxe6 17. Qe2 Qb6 18. Be3 Qxb2 19. Qxb2 Bxb2 20. Rab1 Bf6 21. Rxb7 Rf7 22. Rfb1 Rxb7 23. Rxb7 a5 1/2-1/2

[Event "Newport Open"]
[Site "?"]
[Date "2023.09.10"]
[Round "4"]
[White "Fowler, Hugo"]
[Black "Hilditch-Love, Daniel"]
[Result "1-0"]
[WhiteElo "1959"]
[BlackElo "1722"]
[PlyCount "63"]
[EventDate "2023.??.??"]
[SourceVersionDate "2023.09.23"]

1. e4 d6 2. d4 Nf6 3. Nc3 c6 4. a4 Qa5 5. Bd3 e5 6. Nf3 Nbd7 7. O-O Be7 8. h3 O-O 9. Be3 exd4 10. Nxd4 d5 11. Nb3 Qd8 12. exd5 cxd5 13. Bd4 Nb6 14. Qf3 Be6 15. Nc5 Qc8 16. Nxe6 fxe6 17. Qe3 Bd8 18. a5 Nc4 19. Bxc4 dxc4 20. Rfe1 Re8 21. Bxa7 Qc6 22. Bb6 Ra6 23. Bxd8 Rxd8 24. Ne4 Rd5 25. Nxf6+ gxf6 26. Qf3 Rdxa5 27. Qxc6 bxc6 28. Rxa5 Rxa5 29. Rxe6 Ra1+ 30. Kh2 Rc1 31. c3 Rc2 32. Kg3 1-0